[Event "Ostravský koník 2017 - MÈR"]
[Site "Ostrava"]
[Date "2017.05.01"]
[Round "3"]
[White "Havlikova, Kristyna"]
[Black "Nguyen, Thai Dai Van"]
[Result "0-1"]
[WhiteElo "2251"]
[BlackElo "2441"]
[PlyCount "104"]

1. e4 e6 2. d4 d5 3. Nc3 Nf6 4. e5 Nfd7 5. f4 c5 6. Nf3 Nc6 7. Be3 Be7 8. Qd2
O-O 9. dxc5 Nxc5 10. Nd4 Nxd4 11. Bxd4 b6 12. Bd3 f5 13. exf6 Bxf6 14. Bxf6
Qxf6 15. O-O Qd4+ 16. Qf2 Rxf4 17. Qxd4 Rxd4 18. Ne2 Rb4 19. b3 Ba6 20. Bxa6
Nxa6 21. a3 Re4 22. Nc3 Re3 23. Nb5 Nc5 24. b4 Nd7 25. Rae1 Rxe1 26. Rxe1 Nf8
27. Re2 Kf7 28. Kf2 a6 29. Nd4 Rc8 30. Re3 Ke7 31. Ke2 Kd6 32. Kd2 g6 33. Nf3
Nd7 34. Ng5 Ne5 35. Rh3 h5 36. Rg3 Rf8 37. Ke2 Rf4 38. h3 h4 39. Rb3 Rf5 40.
Nf3 Nxf3 41. gxf3 Rf4 42. Rb1 Rc4 43. Kd3 Ke5 44. Rg1 Kf5 45. c3 g5 46. a4 e5
47. Rg2 b5 48. axb5 axb5 49. Rg1 d4 50. cxd4 Rxd4+ 51. Kc3 Rc4+ 52. Kb3 Rf4 0-1

[Event "Ostravský koník 2017 - MÈR"]
[Site "Ostrava"]
[Date "2017.05.01"]
[Round "3"]
[White "Voloshin, Leonid"]
[Black "Postupa, Pavel"]
[Result "1/2-1/2"]
[WhiteElo "2406"]
[BlackElo "2202"]
[PlyCount "34"]

1. d4 Nf6 2. Nf3 g6 3. Nbd2 d5 4. b4 Bg7 5. Bb2 O-O 6. e3 b6 7. c4 c5 8. b5
cxd4 9. Bxd4 Nbd7 10. cxd5 Nxd5 11. Bxg7 Kxg7 12. Bc4 Bb7 13. O-O Nc5 14. Nb3
Rc8 15. Rc1 Nf6 16. Qe2 Bxf3 17. Qxf3 e5 1/2-1/2

[Event "Ostravský koník 2017 - MÈR"]
[Site "Ostrava"]
[Date "2017.05.01"]
[Round "3"]
[White "Vanek, Tomas"]
[Black "Zwardon, Vojtech"]
[Result "1/2-1/2"]
[WhiteElo "2134"]
[BlackElo "2406"]
[PlyCount "53"]

1. d4 Nf6 2. Nc3 d5 3. Bf4 Bf5 4. f3 e6 5. g4 Bg6 6. h4 h6 7. e3 a6 8. Bd3 Bxd3
9. Qxd3 c5 10. a3 Nc6 11. Nge2 b5 12. Ng3 cxd4 13. exd4 Be7 14. O-O-O Nd7 15.
Nxd5 exd5 16. Nf5 Kf8 17. g5 h5 18. Rde1 Kg8 19. Qc3 Rc8 20. Rxe7 g6 21. Rhe1
Nce5 22. R7xe5 Rxc3 23. Re8+ Qxe8 24. Rxe8+ Kh7 25. Rxh8+ Kxh8 26. bxc3 gxf5
27. Kb2 1/2-1/2

[Event "Ostravský koník 2017 - MÈR"]
[Site "Ostrava"]
[Date "2017.05.01"]
[Round "3"]
[White "Didi, Jan"]
[Black "Roubalik, Jakub"]
[Result "0-1"]
[WhiteElo "2050"]
[BlackElo "2397"]
[PlyCount "82"]

1. e4 c5 2. Nf3 d6 3. d4 cxd4 4. Nxd4 Nf6 5. Nc3 a6 6. Be2 e5 7. Nf3 Be7 8. Bg5
Nbd7 9. O-O O-O 10. a4 b6 11. Re1 Bb7 12. Bc4 Qc7 13. Bb3 Rac8 14. Rc1 Rfe8 15.
h3 Qb8 16. Bxf6 Nxf6 17. Nd5 Rc5 18. Qd3 Bxd5 19. Bxd5 Rxd5 20. exd5 e4 21.
Qxa6 exf3 22. Qb5 Qa7 23. b4 Rc8 24. c4 Bf8 25. Ra1 fxg2 26. Kxg2 Qc7 27. a5
bxa5 28. bxa5 Rb8 29. Qc6 Qd8 30. a6 Nh5 31. Re4 Qg5+ 32. Rg4 Nf4+ 33. Kh1 Qe5
34. Rag1 Qe4+ 35. Kh2 Qf3 36. Rxf4 Qxf4+ 37. Kg2 Rb3 38. Qc8 Qf3+ 39. Kh2 Qxf2+
40. Rg2 Qf4+ 41. Kh1 Rb1+ 0-1

[Event "Ostravský koník 2017 - MÈR"]
[Site "Ostrava"]
[Date "2017.05.01"]
[Round "3"]
[White "Bures, Martin"]
[Black "Worek, Joanna"]
[Result "0-1"]
[WhiteElo "2084"]
[BlackElo "2330"]
[PlyCount "150"]

1. Nf3 Nf6 2. c4 e6 3. g3 c5 4. Bg2 g6 5. d4 Bg7 6. Nc3 O-O 7. O-O cxd4 8. Nxd4
a6 9. Bf4 d6 10. Nb3 Ne8 11. Qd2 Nc6 12. Rac1 Ne5 13. Ne4 f5 14. Ng5 h6 15. Nf3
Nf7 16. Rfd1 Qf6 17. Rc2 Bd7 18. Be3 Bc6 19. Ne1 g5 20. Bd4 e5 21. Bc3 Rc8 22.
f3 h5 23. Na5 h4 24. Nxc6 bxc6 25. f4 gxf4 26. gxf4 Qg6 27. Kh1 Nf6 28. Nf3 e4
29. Ng5 Nxg5 30. fxg5 Ng4 31. Bxg7 Qxg7 32. Qf4 Qe5 33. Qxe5 dxe5 34. Rd7 Rf7
35. Rcd2 Rc7 36. Rxc7 Rxc7 37. Bh3 Ne3 38. b3 a5 39. Kg1 a4 40. Kf2 f4 41. Rd8+
Kf7 42. Rd7+ Rxd7 43. Bxd7 axb3 44. axb3 c5 45. Bc6 Kg6 46. Bxe4+ Kxg5 47. h3
Nf5 48. Bc6 Nd4 49. Ba4 e4 50. e3 Nc2 51. exf4+ Kxf4 52. Ke2 Nd4+ 53. Kf1 e3
54. Kg2 Ke4 55. b4 cxb4 56. c5 Kd5 57. c6 Kd6 58. Kf1 b3 59. Bxb3 Kxc6 60. Bc4
Kd6 61. Ba6 Ke5 62. Kg2 Kf4 63. Bc4 Nf3 64. Be2 Nd2 65. Ba6 Ke4 66. Be2 Kd4 67.
Ba6 Kc3 68. Be2 Kc2 69. Bg4 Kd3 70. Bf5+ Ke2 71. Bg4+ Ke1 72. Bh5 e2 73. Bg4
Nc4 74. Bh5 Kd2 75. Bxe2 Kxe2 0-1

[Event "Ostravský koník 2017 - MÈR"]
[Site "Ostrava"]
[Date "2017.05.01"]
[Round "3"]
[White "Kovar, Vojtech"]
[Black "Kolar, Stanislav"]
[Result "0-1"]
[WhiteElo "2326"]
[BlackElo "2094"]
[PlyCount "86"]

1. d4 Nf6 2. c4 e6 3. Nc3 c5 4. d5 exd5 5. cxd5 d6 6. e4 Be7 7. f4 O-O 8. Nf3
Bg4 9. Bd3 Nbd7 10. O-O a6 11. a4 Re8 12. h3 Bxf3 13. Qxf3 Bf8 14. Bc2 Qc7 15.
a5 g6 16. e5 dxe5 17. fxe5 Qxe5 18. Ra4 Bg7 19. Bf4 Qe7 20. d6 Qd8 21. Nd5 Nxd5
22. Qxd5 b5 23. Re4 Rxe4 24. Bxe4 Rb8 25. Bg5 Bf6 26. Rxf6 Nxf6 27. Qc6 Kg7 28.
Bf3 h6 29. Bh4 g5 30. Bg3 Qc8 31. Qc7 c4 32. Be5 Kg6 33. Qe7 Qe6 34. Bc6 Rg8
35. g4 b4 36. Ba4 b3 37. Bc3 Nd5 38. Qxe6+ fxe6 39. Be5 Rd8 40. Kf2 Nf6 41. Ke3
Nd7 42. Bd4 e5 43. Ba7 Kf6 {Kd4} 0-1

[Event "Ostravský koník 2017 - MÈR"]
[Site "Ostrava"]
[Date "2017.05.01"]
[Round "3"]
[White "Psenicka, Pavel"]
[Black "Belunek, Vladimir"]
[Result "1/2-1/2"]
[WhiteElo "2019"]
[BlackElo "2248"]
[PlyCount "54"]

1. d4 Nf6 2. c4 c5 3. e3 g6 4. Nf3 Bg7 5. Be2 O-O 6. O-O cxd4 7. Nxd4 Nc6 8.
Nc3 Nxd4 9. Qxd4 d6 10. Qd1 Be6 11. Bd2 Rc8 12. b3 d5 13. Nxd5 Nxd5 14. cxd5
Bxd5 15. Rc1 Qd6 16. Rxc8 Rxc8 17. Bc1 Qc6 18. f3 Be6 19. Bd3 Qb6 20. Qe2 h5
21. Ba3 Bf6 22. Rc1 Rxc1+ 23. Bxc1 Qa5 24. Kf2 Qc3 25. Qc2 Qxc2+ 26. Bxc2 Bd5
27. e4 Bc6 1/2-1/2

[Event "Ostravský koník 2017 - MÈR"]
[Site "Ostrava"]
[Date "2017.05.01"]
[Round "3"]
[White "Malinovsky, Petr"]
[Black "Machycek, Lubomir"]
[Result "1/2-1/2"]
[WhiteElo "2024"]
[BlackElo "2222"]
[PlyCount "25"]

1. d4 Nf6 2. c4 e6 3. Nc3 d5 4. cxd5 exd5 5. Bg5 Be7 6. e3 O-O 7. Bd3 Nbd7 8.
Nge2 Re8 9. Qc2 Nf8 10. O-O c6 11. f3 Be6 12. h3 c5 13. Rad1 1/2-1/2

[Event "Ostravský koník 2017 - MÈR"]
[Site "Ostrava"]
[Date "2017.05.01"]
[Round "3"]
[White "Sikorova, Olga"]
[Black "Macicek, Jakub"]
[Result "1/2-1/2"]
[WhiteElo "2206"]
[BlackElo "2284"]
[PlyCount "92"]

1. e4 e6 2. d4 d5 3. Nd2 Nf6 4. e5 Nfd7 5. Bd3 c5 6. c3 Nc6 7. Ne2 cxd4 8. cxd4
f6 9. exf6 Qxf6 10. Nf3 h6 11. O-O Bd6 12. Bb1 O-O 13. Qd3 Rd8 14. Ng3 Nf8 15.
a3 Bd7 16. b4 a6 17. Bb2 Be8 18. Qe2 Bg6 19. Ne5 Bxb1 20. Raxb1 Bxe5 21. dxe5
Qf7 22. f4 Ne7 23. b5 axb5 24. Qxb5 Rd7 25. a4 Nf5 26. Ba3 Ne3 27. Rf3 d4 28.
Bd6 Ng6 29. Ne2 Nh4 30. Rf2 Nhf5 31. Qb4 Qg6 32. Rc1 d3 33. Nd4 Nxd6 34. exd6
Rad8 35. Nb5 Nf5 36. Qe4 Kh7 37. Qxd3 Nxd6 38. Qxg6+ Kxg6 39. Nxd6 Rxd6 40. Rc4
Rd1+ 41. Rf1 Rxf1+ 42. Kxf1 Rd2 43. Rb4 Ra2 44. Kg1 Kf6 45. g3 g5 46. fxg5+ Ke5
1/2-1/2

[Event "Ostravský koník 2017 - MÈR"]
[Site "Ostrava"]
[Date "2017.05.01"]
[Round "3"]
[White "Jurek, Josef"]
[Black "Solc, Filip"]
[Result "1-0"]
[WhiteElo "2277"]
[BlackElo "2005"]
[PlyCount "107"]

1. Nf3 Nf6 2. c4 g6 3. g3 Bg7 4. Bg2 c5 5. O-O O-O 6. d4 cxd4 7. Nxd4 Nc6 8.
Nc3 d6 9. Nxc6 bxc6 10. Bxc6 Rb8 11. Bg2 Qa5 12. Qc2 Bf5 13. e4 Be6 14. Bd2 Qh5
15. b3 Ng4 16. h4 Ne5 17. f3 Nc6 18. Rae1 Qc5+ 19. Be3 Qa5 20. Rc1 Rfc8 21. Qd2
a6 22. Nd5 Qxd2 23. Bxd2 Bxd5 24. cxd5 Nd4 25. Kf2 Nb5 26. Bh3 Bd4+ 27. Ke2 Rc5
28. Kd3 Rxc1 29. Rxc1 Bf2 30. Be1 Bc5 31. b4 Ba7 32. Rc8+ Rxc8 33. Bxc8 Nc7 34.
a4 Kf8 35. g4 Ke8 36. Kc4 Kd8 37. Bb7 Bg1 38. h5 Be3 39. Bc3 Bb6 40. e5 dxe5
41. Bxe5 a5 42. Bc3 axb4 43. Bxb4 Ne8 44. a5 Ba7 45. Kb5 f5 46. Kc6 fxg4 47.
fxg4 Nf6 48. hxg6 hxg6 49. a6 Nxg4 50. Ba5+ Ke8 51. Bb6 Bb8 52. Bc8 Ne5+ 53.
Kb7 Nc4 54. Bc5 1-0

[Event "Ostravský koník 2017 - MÈR"]
[Site "Ostrava"]
[Date "2017.05.01"]
[Round "3"]
[White "Ockay, Tomas"]
[Black "Freisler, Pavel"]
[Result "1/2-1/2"]
[WhiteElo "2107"]
[BlackElo "2256"]
[PlyCount "115"]

1. Nf3 Nf6 2. b3 d5 3. Bb2 e6 4. e3 Bd6 5. c4 Nbd7 6. d4 b6 7. cxd5 exd5 8. Bb5
Bb7 9. O-O a6 10. Bd3 O-O 11. Nbd2 Ne4 12. Qc2 Re8 13. Rac1 Rc8 14. Rfd1 Qe7
15. Nf1 Ndf6 16. Ng3 Ng4 17. Bxe4 dxe4 18. Ne5 Nxe5 19. dxe5 Bxe5 20. Bxe5 Qxe5
21. Rd7 Re7 22. Rcd1 g6 23. h4 h5 24. Qc4 Rce8 25. b4 Rxd7 26. Rxd7 Re7 27.
Rd8+ Kg7 28. Ne2 c5 29. bxc5 Rc7 30. Nf4 Qxc5 31. Qb3 b5 32. Kh2 Qc3 33. Qd1
Qf6 34. Kg3 Kh7 35. Rd6 Qf5 36. Kh2 Qg4 37. Qd4 Qxh4+ 38. Nh3 Qe7 39. Rd8 f6
40. g3 Bc8 41. Ng5+ Kh6 42. Nxe4 Rc4 43. Qxf6 Qxf6 44. Nxf6 Rc2 45. Kg2 Bb7+
46. e4 Kg5 47. Nh7+ Kh6 48. Nf6 Rc6 49. Rd7 Rxf6 50. Rxb7 g5 51. a4 bxa4 52.
Rb4 a3 53. Ra4 g4 54. Rxa3 Kg6 55. Ra5 Rc6 56. Kf1 Kh6 57. Kg2 Kg6 58. Kf1
1/2-1/2

[Event "Ostravský koník 2017 - FIDE Open A"]
[Site "Ostrava"]
[Date "2017.05.01"]
[Round "3"]
[White "Lys, Josef"]
[Black "Koziol, Kamil"]
[Result "0-1"]
[WhiteElo "2202"]
[BlackElo "2316"]
[PlyCount "138"]

1. d4 Nf6 2. Nf3 g6 3. g3 Bg7 4. Bg2 O-O 5. O-O d5 6. h3 c5 7. c3 Ne4 8. Be3
cxd4 9. cxd4 h5 10. Nc3 Nc6 11. Rc1 Bf5 12. Qb3 Qd7 13. Kh2 Nxc3 14. Rxc3 Be4
15. Rd1 Rfc8 16. Ne5 Nxe5 17. Rxc8+ Qxc8 18. Bxe4 dxe4 19. dxe5 Bxe5 20. Bd4
Bd6 21. Qe3 Qe6 22. Kg2 b6 23. Qg5 Rc8 24. g4 h4 25. Qxh4 Be5 26. Bxe5 Qxe5 27.
Rd7 g5 28. Qh6 e3 29. f3 Qb5 30. Rd3 Qe5 31. h4 gxh4 32. Qxh4 Kg7 33. Qh5 Qxh5
34. gxh5 e6 35. Rxe3 Rc2 36. Kg3 Rxb2 37. Ra3 a5 38. e4 Kh6 39. Kf4 Rb5 40. Kg4
Rg5+ 41. Kf4 Rb5 42. Kg4 Rg5+ 43. Kf4 Rxh5 44. Rb3 b5 45. a3 Rc5 46. Kg4 Kg6
47. Kf4 Kf6 48. Rd3 b4 49. axb4 axb4 50. Rb3 Rc4 51. Kg4 Ke5 52. Kg5 f6+ 53.
Kg6 f5 54. exf5 exf5 55. Kg5 f4 56. Rb1 Kd5 57. Kf5 Rd4 58. Kf6 Rc4 59. Kf5 Rd4
60. Kf6 Kc4 61. Kf5 Kc3 62. Rc1+ Kd2 63. Rc8 Ke3 64. Rc1 b3 65. Rc3+ Rd3 66.
Rc4 Kxf3 67. Rxf4+ Ke3 68. Rb4 Kd2 69. Ke4 Kc2 0-1

[Event "Ostravský koník 2017 - FIDE Open A"]
[Site "Ostrava"]
[Date "2017.05.01"]
[Round "3"]
[White "Zylka, Stanislaw"]
[Black "Stukner, Simon"]
[Result "1-0"]
[WhiteElo "2305"]
[BlackElo "2305"]
[PlyCount "101"]

1. e4 c5 2. Nf3 Nc6 3. d4 cxd4 4. Nxd4 g6 5. c4 Bg7 6. Be3 Nf6 7. Nc3 Ng4 8.
Qxg4 Nxd4 9. Qd1 Ne6 10. Qd2 Qa5 11. Rc1 b6 12. Be2 Bb7 13. f3 g5 14. O-O h5
15. Rfd1 d6 16. Nd5 Qxd2 17. Rxd2 Rc8 18. Rb1 Be5 19. Rdd1 Kf8 20. b4 Ba6 21.
a4 Nf4 22. Bf1 Nxd5 23. exd5 g4 24. f4 Bf6 25. Rdc1 Kg7 26. Rc2 Rc7 27. Ra2 Rb8
28. b5 Bc8 29. a5 Bc3 30. axb6 axb6 31. Rb3 Ba5 32. Bd3 e6 33. Bd4+ f6 34. Re2
Re7 35. dxe6 Rxe6 36. Rbb2 Kf7 37. Be4 Kg7 38. Bd5 Rxe2 39. Rxe2 Bf5 40. Re7+
Kg6 41. Bf7+ Kg7 42. Bd5+ Kg6 43. Rf7 Bd3 44. Rxf6+ Kh7 45. Rf7+ Kh6 46. Rf6+
Kh7 47. Rxd6 Re8 48. Rd7+ Kh6 49. Bg7+ Kh7 50. Bf6+ Kh6 51. Bg5+ 1-0

[Event "Ostravský koník 2017 - FIDE Open A"]
[Site "Ostrava"]
[Date "2017.05.01"]
[Round "3"]
[White "Vesselovsky, Serguei"]
[Black "Hladik, Josef"]
[Result "1-0"]
[WhiteElo "2344"]
[BlackElo "2344"]
[PlyCount "77"]

1. e4 e5 2. Nf3 Nc6 3. Bb5 a6 4. Ba4 Nf6 5. O-O Be7 6. Re1 b5 7. Bb3 d6 8. c3
O-O 9. h3 Nb8 10. d4 Nbd7 11. Nbd2 Bb7 12. Bc2 Re8 13. Nf1 Bf8 14. Ng3 g6 15.
a4 c5 16. d5 c4 17. Bg5 Be7 18. Qd2 Nc5 19. Be3 Qc7 20. Ng5 Nfd7 21. f4 exf4
22. Bxf4 Bxg5 23. Bxg5 Ne5 24. Rf1 Ncd7 25. Ne2 Rab8 26. Nd4 Bc8 27. axb5 axb5
28. Kh1 Nc5 29. Qf4 Rb6 30. Qh4 Ncd7 31. Rf4 f6 32. Bxf6 Nxf6 33. Qxf6 Qe7 34.
Qxe7 Rxe7 35. Ra8 Re8 36. Ne6 Rb7 37. Kg1 Rf7 38. Rxf7 Kxf7 39. Nc7 1-0

ï»¿

[Event "Ostravský koník 2017 - MÈR"]
[Site "Ostrava"]
[Date "2017.05.02"]
[Round "4"]
[White "Stocek, Jiri"]
[Black "Navara, David"]
[Result "1-0"]
[WhiteElo "2560"]
[BlackElo "2732"]
[PlyCount "101"]

1. d4 Nf6 2. Nf3 e6 3. Bf4 c5 4. e3 Qb6 5. Na3 cxd4 6. Nb5 Nd5 7. Qxd4 Qxd4 8.
Nfxd4 Nxf4 9. Nc7+ Kd8 10. Nxa8 Nd5 11. Be2 b6 12. Bf3 Bb4+ 13. c3 Bc5 14. Nb5
Nc6 15. b4 Be7 16. Bxd5 exd5 17. Nxa7 Nxa7 18. Nxb6 Bb7 19. O-O-O Bh4 20. g3
Bf6 21. Nxd5 Nb5 22. Kc2 Nc7 23. Nxf6 Bxh1 24. Nxd7 Bf3 25. Rd2 Kc8 26. Nc5 h5
27. c4 h4 28. a4 Ne8 29. Rd4 g5 30. Nd3 hxg3 31. hxg3 Rh2 32. a5 Be2 33. b5
Bxd3+ 34. Kxd3 Rxf2 35. a6 Nc7 36. Rd6 Ne6 37. Kc3 Ra2 38. Kb4 Ra1 39. e4 g4
40. e5 Ng5 41. c5 Ne4 42. Rd4 Rb1+ 43. Ka5 Nc3 44. a7 Ra1+ 45. Kb4 Ne2 46. Re4
Nc1 47. b6 Kb7 48. Rd4 Na2+ 49. Kb3 Nc1+ 50. Kb2 Ra5 51. Rd7+ 1-0

[Event "Ostravský koník 2017 - MÈR"]
[Site "Ostrava"]
[Date "2017.05.02"]
[Round "4"]
[White "Hracek, Zbynek"]
[Black "Krejci, Jan"]
[Result "1/2-1/2"]
[WhiteElo "2610"]
[BlackElo "2520"]
[PlyCount "64"]

1. e4 e5 2. Nf3 Nc6 3. Bb5 a6 4. Ba4 Nf6 5. O-O Be7 6. Re1 b5 7. Bb3 d6 8. c3
O-O 9. h3 Na5 10. Bc2 c5 11. d4 Qc7 12. Nbd2 cxd4 13. cxd4 Nc6 14. Nb3 a5 15.
Be3 a4 16. Nbd2 Bd7 17. Rc1 Qb7 18. Bb1 Rfe8 19. Nf1 Bd8 20. Ng3 h6 21. dxe5
dxe5 22. Qe2 Bb6 23. Bc5 Rab8 24. Red1 Qa7 25. Qe3 Nd4 26. Bxd4 exd4 27. Qd3
Be6 28. e5 Bc4 29. Qf5 Be6 30. Qd3 Bc4 31. Qf5 Be6 32. Qd3 Bc4 1/2-1/2

[Event "Ostravský koník 2017 - MÈR"]
[Site "Ostrava"]
[Date "2017.05.02"]
[Round "4"]
[White "Simacek, Pavel"]
[Black "Cvek, Robert"]
[Result "1/2-1/2"]
[WhiteElo "2480"]
[BlackElo "2518"]
[PlyCount "44"]

1. e4 e6 2. d4 d5 3. Nc3 Nf6 4. e5 Nfd7 5. f4 c5 6. Nf3 Nc6 7. Be3 a6 8. Qd2 b5
9. dxc5 Bxc5 10. Bd3 Qb6 11. Bf2 h6 12. O-O Bxf2+ 13. Rxf2 Nc5 14. a3 O-O 15.
f5 exf5 16. Nxd5 Qd8 17. Nf6+ Kh8 18. Qf4 Nxd3 19. cxd3 Nxe5 20. Qxe5 Qxf6 21.
Qxf6 gxf6 22. Nd4 Rd8 1/2-1/2

[Event "Ostravský koník 2017 - MÈR"]
[Site "Ostrava"]
[Date "2017.05.02"]
[Round "4"]
[White "Babula, Vlastimil"]
[Black "Velicka, Petr"]
[Result "0-1"]
[WhiteElo "2559"]
[BlackElo "2432"]
[PlyCount "102"]

1. d4 d5 2. c4 c6 3. Nf3 Nf6 4. Nc3 e6 5. Bg5 Nbd7 6. e3 Qa5 7. cxd5 Nxd5 8.
Qd2 Bb4 9. Rc1 h6 10. Bh4 c5 11. Bc4 O-O 12. Bxd5 exd5 13. Be7 Re8 14. Bxc5
Bxc3 15. Qxc3 Qa6 16. Bb4 Re6 17. Qc7 b6 18. h4 Qb5 19. Qd8+ Kh7 20. Ng5+ hxg5
21. hxg5+ Kg6 22. Qh8 Qxb4+ 23. Kd1 Nf6 24. gxf6 Kxf6 25. Rc7 Bd7 26. Qxa8 Qxb2
27. Qxa7 Rxe3 28. Rc6+ Bxc6 29. fxe3 Qb1+ 30. Kd2 Qxh1 31. Qxb6 Qxg2+ 32. Kc3
Qxa2 33. Qxc6+ Kg5 34. Qd6 Qa5+ 35. Kd3 Qb5+ 36. Kd2 Qb2+ 37. Ke1 Qc1+ 38. Kf2
Qc2+ 39. Kg3 Qf5 40. Qd8+ Kg6 41. Qd6+ Qe6 42. Qf4 f6 43. Kh2 Qf5 44. Qg3+ Qg5
45. Qf2 Qg4 46. Qc2+ Kg5 47. Qc5 Qe2+ 48. Kh1 Qf3+ 49. Kh2 Kg4 50. Qc8+ Qf5 51.
Qe8 Qh5+ 0-1

[Event "Ostravský koník 2017 - MÈR"]
[Site "Ostrava"]
[Date "2017.05.02"]
[Round "4"]
[White "Plat, Vojtech"]
[Black "Vykouk, Jan"]
[Result "1/2-1/2"]
[WhiteElo "2510"]
[BlackElo "2424"]
[PlyCount "41"]

1. d4 e6 2. e4 d5 3. Nd2 c5 4. exd5 Qxd5 5. Ngf3 cxd4 6. Bc4 Qd7 7. O-O Nc6 8.
Nb3 Nf6 9. Nbxd4 Nxd4 10. Nxd4 a6 11. Bf4 b5 12. Bb3 Bc5 13. Be5 O-O 14. Bxf6
gxf6 15. Qg4+ Kh8 16. Rfd1 Qb7 17. Qh4 Be7 18. Qh5 Rg8 19. g3 Bf8 20. Qh4 Be7
21. Qh5 1/2-1/2

[Event "Ostravský koník 2017 - MÈR"]
[Site "Ostrava"]
[Date "2017.05.02"]
[Round "4"]
[White "Malinovsky, Karel"]
[Black "Dolezal, Radoslav"]
[Result "1/2-1/2"]
[WhiteElo "2479"]
[BlackElo "2399"]
[PlyCount "85"]

1. e4 c6 2. d4 d5 3. Nc3 dxe4 4. Nxe4 Nd7 5. Ng5 Ngf6 6. Bd3 e6 7. N1f3 Bd6 8.
Qe2 h6 9. Ne4 Nxe4 10. Qxe4 Nf6 11. Qe2 Qc7 12. O-O O-O 13. b3 Rd8 14. Bb2 b6
15. Rad1 Bb7 16. Ne5 c5 17. dxc5 Bxc5 18. c4 Nd7 19. Rfe1 Nxe5 20. Bxe5 Qe7 21.
Qg4 Qg5 22. Qxg5 hxg5 23. Bc3 Kf8 24. Bc2 Rac8 25. Kf1 Ke7 26. h3 a5 27. f3 f6
28. Rxd8 Rxd8 29. Rd1 Rxd1+ 30. Bxd1 e5 31. Bc2 Kd6 32. Ke2 Bc8 33. g4 Bd7 34.
Be4 Ba3 35. Kd3 Be8 36. Bd2 Bd7 37. Be3 Kc7 38. Kc2 Be8 39. Bd2 Kd6 40. Be1 Bd7
41. Bf2 Kc7 42. Kd3 Be8 43. Be3 1/2-1/2

[Event "Ostravský koník 2017 - MÈR"]
[Site "Ostrava"]
[Date "2017.05.02"]
[Round "4"]
[White "Roubalik, Jakub"]
[Black "Rasik, Vitezslav"]
[Result "1/2-1/2"]
[WhiteElo "2397"]
[BlackElo "2467"]
[PlyCount "110"]

1. d4 g6 2. c4 Bg7 3. e4 d6 4. Nc3 Nf6 5. Nf3 O-O 6. Be2 Nbd7 7. O-O e5 8. Re1
c6 9. Bf1 exd4 10. Nxd4 Re8 11. Bf4 Nc5 12. Qc2 Ng4 13. Nb3 Nxb3 14. axb3 Bd4
15. Bg3 h5 16. Rad1 c5 17. h4 a6 18. Nd5 Be6 19. Be2 Bxd5 20. exd5 Ne5 21. Kh1
Qf6 22. f4 Nd7 23. f5 Be5 24. Bf2 Qxf5 25. Qxf5 gxf5 26. Bxh5 Nf6 27. Bf3 Bxb2
28. Bg3 Be5 29. Bxe5 dxe5 30. d6 e4 31. Be2 Rad8 32. Rf1 Re5 33. Rf4 Ne8 34. d7
Ng7 35. g4 Ne6 36. Rxf5 Rxf5 37. gxf5 Nd4 38. Rg1+ Kf8 39. Bg4 Rxd7 40. Re1 Re7
41. f6 Re5 42. Re3 b5 43. Kg2 bxc4 44. bxc4 Nf5 45. Bxf5 Rxf5 46. Rxe4 Rxf6 47.
Re5 Rc6 48. Kf3 Kg7 49. Rg5+ Kf6 50. Ke4 Ke6 51. h5 f6 52. Rd5 a5 53. h6 Rc7
54. Rh5 Rh7 55. Rxc5 Rxh6 1/2-1/2

[Event "Ostravský koník 2017 - MÈR"]
[Site "Ostrava"]
[Date "2017.05.03"]
[Round "4"]
[White "Cernousek, Lukas"]
[Black "Vavra, Pavel"]
[Result "1/2-1/2"]
[WhiteElo "2462"]
[BlackElo "2390"]
[PlyCount "33"]

1. d4 f5 2. c4 Nf6 3. Nc3 e6 4. g3 d5 5. Bg2 c6 6. Nf3 Bd6 7. O-O O-O 8. Qc2
Qe7 9. Bg5 h6 10. Bf4 Bxf4 11. gxf4 Nbd7 12. Ne5 Nxe5 13. fxe5 Nd7 14. e3 f4
15. exf4 dxc4 16. Ne2 Nb6 17. Qg6 1/2-1/2

[Event "Ostravský koník 2017 - MÈR"]
[Site "Ostrava"]
[Date "2017.05.03"]
[Round "4"]
[White "Jansa, Vlastimil"]
[Black "Vlasak, Lukas"]
[Result "1-0"]
[WhiteElo "2446"]
[BlackElo "2375"]
[PlyCount "127"]

1. e4 c5 2. Nf3 e6 3. g3 Nc6 4. Bg2 Qc7 5. O-O Nf6 6. Re1 d6 7. d4 cxd4 8. Nxd4
a6 9. Nxc6 bxc6 10. Nd2 e5 11. Nc4 Be6 12. Qd3 Be7 13. Bg5 O-O 14. Bxf6 Bxc4
15. Qxc4 Bxf6 16. Re3 Rfb8 17. Rb3 a5 18. Rd1 Be7 19. Rdd3 Rxb3 20. axb3 Qb6
21. Bf1 g6 22. Rf3 Rf8 23. Qa4 Kg7 24. Bh3 Bg5 25. Bd7 c5 26. Bc6 Qb4 27. Bd5
Qb6 28. Qd7 Bf6 29. Rd3 Qd8 30. Qa7 Be7 31. Rd1 f5 32. Ra1 fxe4 33. Bxe4 Kh6
34. Qxa5 Qxa5 35. Rxa5 Bg5 36. Ra1 Rd8 37. h4 Bf6 38. Rd1 g5 39. hxg5+ Bxg5 40.
Kg2 Kg7 41. Bd5 h5 42. Ra1 Kf6 43. Kf3 h4 44. gxh4 Bxh4 45. Ke3 Kf5 46. Ra7
Bg5+ 47. Kd3 Rh8 48. Rf7+ Bf6 49. f3 Rh1 50. Kc4 Rd1 51. c3 Rd2 52. Rd7 e4 53.
fxe4+ Ke5 54. Kb5 Rxb2 55. Kc6 Kf4 56. Rf7 Ke5 57. Rh7 Kf4 58. Kxd6 Bxc3 59.
Rf7+ Ke3 60. e5 Ra2 61. e6 Ra6+ 62. Bc6 Bb4 63. e7 c4+ 64. Kd5 1-0

[Event "Ostravský koník 2017 - MÈR"]
[Site "Ostrava"]
[Date "2017.05.03"]
[Round "4"]
[White "Machycek, Lubomir"]
[Black "Malik, Jan"]
[Result "0-1"]
[WhiteElo "2222"]
[BlackElo "2290"]
[PlyCount "118"]

1. c4 e6 2. Nc3 d5 3. d4 c6 4. Nf3 dxc4 5. g3 b5 6. Bg2 Bb7 7. O-O Nf6 8. e4
Nbd7 9. e5 Nd5 10. Ng5 N7b6 11. Nce4 h6 12. Nh3 Qc7 13. f4 O-O-O 14. Nhf2 Kb8
15. Qe2 Ne7 16. Nd6 Nf5 17. Nxb7 Qxb7 18. Ne4 Nxd4 19. Qf2 Nf5 20. g4 Ne7 21.
Nd6 Rxd6 22. exd6 Ned5 23. b3 Bxd6 24. a4 cxb3 25. axb5 cxb5 26. Qb2 Qc7 27.
Qxb3 Qc4 28. Qxc4 Nxc4 29. f5 Nde3 30. Bxe3 Nxe3 31. Rfb1 b4 32. fxe6 fxe6 33.
Ra6 Bc5 34. Rxe6 Nxg4+ 35. Kh1 Nf2+ 36. Kg1 Nd1+ 37. Kh1 Nc3 38. Rf1 Nb5 39.
Rf7 Nd6 40. Rd7 b3 41. Rexd6 Bxd6 42. Rb7+ Kc8 43. Rxb3 Re8 44. Bb7+ Kc7 45.
Bd5 Bc5 46. h3 Kd6 47. Bc4 Re3 48. Rxe3 Bxe3 49. Ba6 Kc5 50. Kg2 Kb6 51. Bd3 a5
52. Kf3 Bg5 53. Ke2 Kc5 54. Kd1 a4 55. Kc2 Kd4 56. Bb5 a3 57. Kb3 Be7 58. Kc2
g5 59. Be8 Ke3 0-1

[Event "Ostravský koník 2017 - MÈR"]
[Site "Ostrava"]
[Date "2017.05.03"]
[Round "4"]
[White "Sikora, Jan"]
[Black "Jurek, Josef"]
[Result "1/2-1/2"]
[WhiteElo "2204"]
[BlackElo "2277"]
[PlyCount "54"]

1. e4 e6 2. d4 d5 3. e5 c5 4. c3 Nc6 5. Nf3 Bd7 6. a3 Nge7 7. b4 cxd4 8. cxd4
Nf5 9. Be3 Nxe3 10. fxe3 f6 11. exf6 Qxf6 12. Nc3 Qh6 13. Qd3 Rc8 14. Be2 Bd6
15. O-O O-O 16. Rf2 Ne7 17. Raf1 Nf5 18. Nd1 Ba4 19. Re1 Bc2 20. Qd2 Be4 21.
Bd3 Bxd3 22. Qxd3 Nh4 23. Nxh4 Qxh4 24. g3 Qg4 25. Ref1 Rxf2 26. Nxf2 Qf3 27.
Nh3 Qg4 1/2-1/2

[Event "Ostravský koník 2017 - MÈR"]
[Site "Ostrava"]
[Date "2017.05.03"]
[Round "4"]
[White "Bures, Martin"]
[Black "Havlikova, Kristyna"]
[Result "1/2-1/2"]
[WhiteElo "2084"]
[BlackElo "2251"]
[PlyCount "160"]

1. Nf3 Nf6 2. c4 g6 3. g3 Bg7 4. Bg2 d5 5. cxd5 Nxd5 6. d4 Nb6 7. O-O Nc6 8. e3
O-O 9. Nc3 Re8 10. b3 e5 11. Nxe5 Nxe5 12. dxe5 Qxd1 13. Rxd1 Bxe5 14. Bb2 c6
15. Rd2 f5 16. Rad1 Be6 17. Na4 Bxb2 18. Nxb2 a5 19. Rd4 Bd5 20. Na4 Bxg2 21.
Nxb6 Bf3 22. R1d2 Ra6 23. Nd7 Re7 24. Rf4 Bd5 25. Nf6+ Kf7 26. Nxd5 cxd5 27.
Rxd5 Ke6 28. Rb5 Rc7 29. Kg2 b6 30. Rd4 Rc6 31. h4 h5 32. Rd8 a4 33. Rb8 a3 34.
Kf3 Rc2 35. R8xb6+ Rxb6 36. Rxb6+ Kf7 37. Ra6 Rxa2 38. b4 Rb2 39. Rxa3 Rxb4 40.
Ra6 Rc4 41. Rd6 Ra4 42. Rd4 Ra2 43. Rf4 Ke6 44. Kg2 Rb2 45. Kf1 Ra2 46. Ke1 Rb2
47. Ra4 Kf6 48. Ra5 Rb1+ 49. Ke2 Rb2+ 50. Kf3 Rb4 51. Ra6+ Kf7 52. Rd6 Ra4 53.
Rd4 Ra2 54. Rb4 Rc2 55. Rf4 Ke6 56. Kg2 Ra2 57. Rd4 Rb2 58. Kf1 Ra2 59. Rd1 Rb2
60. Re1 Ke5 61. Re2 Rb1+ 62. Kg2 Rb4 63. Ra2 Kf6 64. f3 Rc4 65. Kf2 Rb4 66. Ke2
Rb3 67. Ra6+ Kf7 68. Rd6 Ra3 69. Rd3 Ra2+ 70. Rd2 Ra3 71. Kf2 Ra4 72. Re2 Kf6
73. e4 fxe4 74. fxe4 Ke5 75. Kf3 Ra1 76. Rb2 Ra3+ 77. Kg2 Kxe4 78. Rf2 Ke5 79.
Kh3 Rd3 80. Rf4 Ra3 1/2-1/2